The institutes of Vishnu (Record no. 9897)

MARC details
000 -LEADER
fixed length control field 00603nam a2200193Ia 4500
003 - CONTROL NUMBER IDENTIFIER
control field IN-BaIIA
008 - FIXED-LENGTH DATA ELEMENTS--GENERAL INFORMATION
fixed length control field 211028s9999 xx 000 0 eng d
020 ## - INTERNATIONAL STANDARD BOOK NUMBER
International Standard Book Number 81-208-0108-3
040 ## - CATALOGING SOURCE
Transcribing agency IIA Library
080 ## - UNIVERSAL DECIMAL CLASSIFICATION NUMBER
Universal Decimal Classification number 291.8
Item number MUL-7
245 #4 - TITLE STATEMENT
Title The institutes of Vishnu
Statement of responsibility, etc. edited by Max F Muller
260 ## - PUBLICATION, DISTRIBUTION, ETC.
Place of publication, distribution, etc. Delhi
Name of publisher, distributor, etc. Motilal Banarsidass
Date of publication, distribution, etc. 1986
300 ## - PHYSICAL DESCRIPTION
Extent xxxvii, 316p.
490 ## - SERIES STATEMENT
Series statement The Sacred Books of the East v.7
650 ## - SUBJECT ADDED ENTRY--TOPICAL TERM
Topical term or geographic name entry element Astronomy and Astrophysics Thesaurus
650 ## - SUBJECT ADDED ENTRY--TOPICAL TERM
Topical term or geographic name entry element Sacred Literature
9 (RLIN) 16787
700 ## - ADDED ENTRY--PERSONAL NAME
Personal name Muller, Max F., ed.
9 (RLIN) 16788
942 ## - ADDED ENTRY ELEMENTS (KOHA)
Koha item type Books
Holdings
Withdrawn status Lost status Source of classification or shelving scheme Damaged status Not for loan Home library Current library Shelving location Date acquired Cost, normal purchase price Total Checkouts Full call number Barcode Date last seen Cost, replacement price Price effective from Koha item type Purchase Price
    Dewey Decimal Classification     IIA Library-Bangalore IIA Library-Bangalore General Stacks   80.00   GEN/ SBE-7 10807 05/11/2021 80.00   Books Rs. 80

Powered by Koha